Govt. of
Madhya Pradesh

The Changing Face Of Globlization (Record no. 14750)

MARC details
000 -LEADER
fixed length control field 003370000a22001450004500
001 - CONTROL NUMBER
control field 002842
003 - CONTROL NUMBER IDENTIFIER
control field MACL
040 ## - CATALOGING SOURCE
Original cataloging agency MACL
090 ## - LOCALLY ASSIGNED LC-TYPE CALL NUMBER (OCLC); LOCAL CALL NUMBER (RLIN)
-- 14835
-- 14834
100 ## - MAIN ENTRY--PERSONAL NAME
Personal name Dasgupta, Samir
245 ## - TITLE STATEMENT
Title The Changing Face Of Globlization
Statement of responsibility, etc. Samir Dasgupta
260 ## - PUBLICATION, DISTRIBUTION, ETC. (IMPRINT)
Place of publication, distribution, etc. Sage Publications,
Date of publication, distribution, etc. 2005
650 ## - SUBJECT ADDED ENTRY--TOPICAL TERM
Topical term or geographic name as entry element Social Science
942 ## - ADDED ENTRY ELEMENTS (KOHA)
Call number prefix 300
Koha item type Library Membar
Holdings
Withdrawn status Lost status Source of classification or shelving scheme Damaged status Not for loan Home library Current library Date acquired Total Checkouts Full call number Barcode Date last seen Uniform Resource Identifier Price effective from Koha item type
          MACL MACL 03/07/2015   300/DAS CRE018582 02/05/2024 14637 15/04/2015 Books